<?xml version="1.0" encoding="UTF-8"?>
<record
    xmlns:xsi="http://www.w3.org/2001/XMLSchema-instance"
    xsi:schemaLocation="http://www.loc.gov/MARC21/slim http://www.loc.gov/standards/marcxml/schema/MARC21slim.xsd"
    xmlns="http://www.loc.gov/MARC21/slim">

  <leader>02874cam a2200325 i 4500</leader>
  <controlfield tag="001">18403651</controlfield>
  <controlfield tag="005">20260512144747.0</controlfield>
  <controlfield tag="008">141211t20152015caua     b    001 0 eng d</controlfield>
  <datafield tag="010" ind1=" " ind2=" ">
    <subfield code="a">  2014959145</subfield>
  </datafield>
  <datafield tag="020" ind1=" " ind2=" ">
    <subfield code="a">9781446296622</subfield>
  </datafield>
  <datafield tag="035" ind1=" " ind2=" ">
    <subfield code="a">18403651</subfield>
  </datafield>
  <datafield tag="035" ind1=" " ind2=" ">
    <subfield code="a">(OCoLC)907010566</subfield>
  </datafield>
  <datafield tag="040" ind1=" " ind2=" ">
    <subfield code="a">YDXCP</subfield>
    <subfield code="b">eng</subfield>
    <subfield code="c">YDXCP</subfield>
    <subfield code="e">rda</subfield>
    <subfield code="d">BDX</subfield>
    <subfield code="d">OCLCO</subfield>
    <subfield code="d">CDX</subfield>
    <subfield code="d">OCLCF</subfield>
    <subfield code="d">OCLCO</subfield>
    <subfield code="d">NHA</subfield>
    <subfield code="d">OCLCO</subfield>
    <subfield code="d">NHA</subfield>
    <subfield code="d">P4A</subfield>
    <subfield code="d">UAB</subfield>
    <subfield code="d">OCLCA</subfield>
    <subfield code="d">CHVBK</subfield>
    <subfield code="d">OCLCO</subfield>
    <subfield code="d">S3O</subfield>
    <subfield code="d">OCLCO</subfield>
    <subfield code="d">DLC</subfield>
  </datafield>
  <datafield tag="041" ind1=" " ind2=" ">
    <subfield code="a">English</subfield>
  </datafield>
  <datafield tag="042" ind1=" " ind2=" ">
    <subfield code="a">lccopycat</subfield>
  </datafield>
  <datafield tag="050" ind1="0" ind2="0">
    <subfield code="a">HF5415</subfield>
    <subfield code="b">.E24 2015</subfield>
  </datafield>
  <datafield tag="100" ind1=" " ind2=" ">
    <subfield code="a">Eagle, Lynne</subfield>
    <subfield code="e">author.</subfield>
    <subfield code="9">21782</subfield>
  </datafield>
  <datafield tag="245" ind1="1" ind2="0">
    <subfield code="a">Marketing ethics &amp; society </subfield>
    <subfield code="c">/ Lynne Eagle &amp; Stephan Dahl.</subfield>
  </datafield>
  <datafield tag="246" ind1="3" ind2=" ">
    <subfield code="a">Marketing ethics and society</subfield>
  </datafield>
  <datafield tag="264" ind1=" " ind2="1">
    <subfield code="a">Los Angeles :</subfield>
    <subfield code="b">SAGE,</subfield>
    <subfield code="c">[2015].</subfield>
  </datafield>
  <datafield tag="264" ind1=" " ind2="4">
    <subfield code="c">&#xA9;2015</subfield>
  </datafield>
  <datafield tag="300" ind1=" " ind2=" ">
    <subfield code="a">xiii, 300 pages :</subfield>
    <subfield code="b">illustrations ;</subfield>
    <subfield code="c">24 cm</subfield>
  </datafield>
  <datafield tag="504" ind1=" " ind2=" ">
    <subfield code="a">Includes bibliographical references and index.</subfield>
  </datafield>
  <datafield tag="505" ind1="0" ind2=" ">
    <subfield code="a">Introduction to marketing ethics &#x2014; Criticisms of marketing &#x2014; Contrasting perspectives on marketing &#x2014; Ethical issues in marketing relationships &#x2014; Ethics in new media &#x2014; Ethical consumption &#x2014; Marketing to young and vulnerable consumer groups &#x2014; Promotion of harmful products &#x2014; Lifestyle, health and pharmaceutical marketing &#x2014; Tourism, heritage, cultural, arts and cause-related marketing &#x2014; Ethics in social marketing &#x2014; Legislation, regulation and ethics.</subfield>
  </datafield>
  <datafield tag="520" ind1=" " ind2=" ">
    <subfield code="a"> Marketing, while essential to organisational success, is arguably one of the most controversial aspects of business management. Criticisms of marketing&#x2019;s impact range from fostering materialism and unsustainable consumption patterns through to the use of deception, stifling of innovation and lowering of  quality, to name but a few. Taking a holistic and international perspective, this book critically examines the ethical challenges marketing faces and explores strategies marketers can use to respond to those challenges.

 

The book examines specific aspects of marketing activities, such as ethical considerations in relation to young consumers, potentially harmful products and criticism of the societal impact of medical, arts and tourism marketing activities.  It then combines these with wider discussions of frameworks that enable marketers to respond to ethical challenges, supplemented by discussions of cross-cultural and international perspectives, consumer responses and ethical consumption movements as well as shifting historical perceptions of marketing ethics.

The book is accompanied by a companion website including: PowerPoint slides and teaching notes per chapter, links to free SAGE journal articles and online videos selected per chapter by the authors, quizzes per chapter and links to further reading online.</subfield>
  </datafield>
  <datafield tag="650" ind1=" " ind2="0">
    <subfield code="a">Marketing</subfield>
    <subfield code="x">Moral and ethical aspects</subfield>
    <subfield code="9">23367</subfield>
  </datafield>
  <datafield tag="650" ind1=" " ind2="0">
    <subfield code="a">Marketing</subfield>
    <subfield code="x">Social aspects</subfield>
    <subfield code="9">7447</subfield>
  </datafield>
  <datafield tag="700" ind1=" " ind2=" ">
    <subfield code="a">Dahl, Stephan</subfield>
    <subfield code="e">author.</subfield>
    <subfield code="9">21318</subfield>
  </datafield>
  <datafield tag="942" ind1=" " ind2=" ">
    <subfield code="2">lcc</subfield>
  </datafield>
  <datafield tag="952" ind1=" " ind2=" ">
    <subfield code="0">0</subfield>
    <subfield code="1">0</subfield>
    <subfield code="2">lcc</subfield>
    <subfield code="4">0</subfield>
    <subfield code="7">0</subfield>
    <subfield code="a">TBS</subfield>
    <subfield code="b">TBS</subfield>
    <subfield code="d">2025-10-07</subfield>
    <subfield code="l">3</subfield>
    <subfield code="o">HF5415 EAG</subfield>
    <subfield code="p">B05706</subfield>
    <subfield code="r">2026-05-11</subfield>
    <subfield code="s">2026-03-19</subfield>
    <subfield code="t">1</subfield>
    <subfield code="w">2025-10-07</subfield>
    <subfield code="y">1</subfield>
  </datafield>
  <datafield tag="999" ind1=" " ind2=" ">
    <subfield code="c">5011</subfield>
    <subfield code="d">5011</subfield>
  </datafield>
</record>
